RANCANGAN MALAYSIA KEDUA BELAS : PROJEK PENILAIAN POTENSI SUMBER UNSUR NADIR BUMI (REE): PENILAIAN POTENSI SUMBER UNSUR NADIR BUMI DI SEBAHAGIAN KAWASAN HUTAN RIZAB SIMPANAN LABIS, NEGERI JOHOR DARUL TA'ZIM / Oleh : ARDA ANASHA BINTI JAMIL, SIA SAY GEE (Record no. 27218)
[ view plain ]
| 000 -LEADER | |
|---|---|
| fixed length control field | 00847nam a22001697a 4500 |
| 008 - FIXED-LENGTH DATA ELEMENTS--GENERAL INFORMATION | |
| fixed length control field | 260422b ||||| |||| 00| 0 eng d |
| 082 04 - DEWEY DECIMAL CLASSIFICATION NUMBER | |
| Classification number | 553.8 |
| 100 00 - MAIN ENTRY--PERSONAL NAME | |
| Personal name | Arda Anasha Jamil |
| 245 10 - TITLE STATEMENT | |
| Title | RANCANGAN MALAYSIA KEDUA BELAS : PROJEK PENILAIAN POTENSI SUMBER UNSUR NADIR BUMI (REE): PENILAIAN POTENSI SUMBER UNSUR NADIR BUMI DI SEBAHAGIAN KAWASAN HUTAN RIZAB SIMPANAN LABIS, NEGERI JOHOR DARUL TA'ZIM / Oleh : ARDA ANASHA BINTI JAMIL, SIA SAY GEE |
| 250 ## - EDITION STATEMENT | |
| Edition statement | No. Laporan : JMG.JHR (REE) 1/2023 |
| 260 ## - PUBLICATION, DISTRIBUTION, ETC. | |
| Place of publication, distribution, etc. | Johor Bahru : |
| Name of publisher, distributor, etc. | Jabatan Mineral dan Geosains Malaysia Negeri Johor, |
| Date of publication, distribution, etc. | 2023 |
| 300 ## - PHYSICAL DESCRIPTION | |
| Extent | 35 pages : |
| Other physical details | some colour illustrations ; |
| Dimensions | 30 cm |
| 650 10 - SUBJECT ADDED ENTRY--TOPICAL TERM | |
| General subdivision | Rare earth elements |
| Geographic subdivision | Malaysia |
| -- | Johor |
| 650 20 - SUBJECT ADDED ENTRY--TOPICAL TERM | |
| General subdivision | Geological surveys |
| Geographic subdivision | Malaysia |
| -- | Johor |
| 650 20 - SUBJECT ADDED ENTRY--TOPICAL TERM | |
| General subdivision | Mineral resources |
| Geographic subdivision | Malaysia |
| -- | Johor |
| 942 ## - ADDED ENTRY ELEMENTS (KOHA) | |
| Source of classification or shelving scheme | |
| Edition | 23 |
| Classification part | 553.8 |
| Withdrawn status | Lost status | Source of classification or shelving scheme | Damaged status | Not for loan | Collection code | Permanent Location | Current Location | Date acquired | Total Checkouts | Full call number | Date last seen | Price effective from | Koha item type |
|---|---|---|---|---|---|---|---|---|---|---|---|---|---|
| Available | Open Shelf | JMG IBUPEJABAT | JMG IBUPEJABAT | 22/04/2026 | 553.8 ARD | 22/04/2026 | 22/04/2026 | Posters |